Sklenený strop v kontexte kariérneho rozvoja žien diplomová práca

Gespeichert in:
Bibliographische Detailangaben
1. Verfasser: Halgošová, Kristína
Körperschaft: Fakulta podnikového manažmentu EU. Katedra manažmentu
Weitere Verfasser: Skorková, Zuzana, 1979-
Format: Buch
Sprache:Slowakisch
Veröffentlicht: Bratislava 2025
Tags: Tag hinzufügen
Keine Tags, Fügen Sie das erste Tag hinzu!

MARC

LEADER 00000nbm a2200000 4500
001 0309734
005 20251217135119.3
041 0 |a slo 
044 |a SK 
245 1 0 |a Sklenený strop v kontexte kariérneho rozvoja žien  |b diplomová práca  |c Kristína Halgošová ; školiteľ: Zuzana Skorková 
264 1 |a Bratislava  |c 2025 
300 |a 75 s. 
100 1 |a Halgošová, Kristína 
700 1 |a Skorková, Zuzana, 1979- 
710 2 |a Fakulta podnikového manažmentu EU. Katedra manažmentu